| 000 | 01025cam a2200205 4500 | ||
|---|---|---|---|
| 001 | ABS61797 | ||
| 008 | 000000n2000 000 0 eng u | ||
| 035 | _a(Sirsi) u103726 | ||
| 245 | _aStarling v Lloyds TSB Bank | ||
| 260 | _c2000 | ||
| 490 |
_aEstates Gazette _v[2000] 01 EG 89-93(5) |
||
| 520 | _aCA 29 August 1999. In 1980 claimant (S) granted defendant bank (L) a legal charge of a residential property to secure a loan. By express terms of legal charge, mortgagor was not allowed to lease the property and S was required to obtai consent of bank before letting. In 1991 S sought L's permission to let the property. Request was dismissed. S then commenced proceedings against L alleging a breach of certain pleaded duties of the bank. Court found banck in breach of duty. L appealed. Appeal allowed. | ||
| 590 | _aABS | ||
| 650 | _aBREACH OF DUTY | ||
| 650 | _aSTARLING V LLOYDS TSB BANK LTD | ||
| 650 | _aMORTGAGES | ||
| 650 | _aCONSENT TO LEASE | ||
| 690 | _aHOUSING-HOUSING FINANCE-CASE LAW | ||
| 942 | _n0 | ||
| 999 |
_c62294 _d62294 |
||